Guess the Taylor Swift Song by the Lyrics #17 - Statistics

General Stats
  • This quiz has been taken 35 times
  • The average score is 228 of 350
Answer Stats
LYRICS % Correct
I
100%
you
100%
You
100%
you,
100%
a
96%
When
96%
And
92%
and
92%
the
92%
The
92%
We
92%
we
92%
your
92%
Your
92%
my
88%
on
88%
So
88%
to
88%
in
83%
In
83%
it
83%
(It
83%
It
83%
me
83%
were
83%
no
79%
of
79%
that
79%
with
79%
how
75%
How
75%
say
75%
was
75%
what
75%
at
71%
Like
71%
time
71%
day
67%
did
67%
every
67%
now
67%
see
67%
they
67%
us
67%
had
63%
hands
63%
head
63%
one
63%
up
63%
off
58%
saw
58%
that's
58%
That's
58%
Cause
54%
again
50%
again?
50%
call
50%
came
50%
home
50%
Looked
50%
maroon
50%
(Maroon)
50%
maroon)
50%
end
46%
friend
46%
hell
46%
New
46%
over
46%
scarlet,
46%
shoes
46%
always
42%
dancing
42%
into
42%
lips
42%
lost
42%
real
42%
sky
42%
thought
42%
used
42%
wine
42%
York,
42%
between
38%
blood
38%
cheeks
38%
collarbone
38%
floor,
38%
grew
38%
Laughing
38%
leave
38%
lose
38%
mark
38%
morning
38%
rosé,
38%
rushed
38%
rust
38%
shelf
38%
splashed
38%
telephones
38%
track
38%
vinyl
38%
way
38%
anyway?"
33%
blind
33%
burgundy
33%
chose
33%
cleaning
33%
closest
33%
feet
33%
fucking
33%
gave
33%
hazy
33%
"How'd
33%
incense
33%
legacy,
33%
legacy
33%
memory
33%
roomate's
33%
screw-top
33%
standing
33%
t-shirt
33%
wake
33%
Ain't
29%
cheap-ass
29%
ends?
29%
feel
29%
lap
29%
roses,
29%
shaking,
29%
shit
29%
sight
29%
Carnations
25%
hallway
25%
hollow-eyed
25%
matter
25%
rubies
25%
Sobbing
25%
silence
21%
No matching quizzes found
Score Distribution
Percent of People with Each Score
Percentile by Number Answered
Your Score History
You have not taken this quiz